000
00345nam a2200133Ia 4500
008
100328s9999 xx 000 0 und d
082
_b
57229
100
_a
काळे व.पु.
245
_a
वलय
260
_b
मेहता पब्लिशिंग हाऊस
630
_a
वलय
730
_a
वलय
942
_c
BOOK
999
_c
543698
_d
543695